[Event "RUS-ch sf"]
[Site "Novosibirsk"]
[Date "2002.??.??"]
[Round "3"]
[White "Janov, Dimitry"]
[Black "Chuprov, Dmitry"]
[Result "1-0"]
[WhiteElo "2344"]
[BlackElo "2484"]
[PlyCount "98"]
[EventDate "2002.??.??"]
[EventType "swiss"]
[EventRounds "9"]
[EventCountry "RUS"]
[SourceTitle "EXT 2007"]
[Source "ChessBase"]
[SourceDate "2006.11.23"]
[SourceVersion "1"]
[SourceVersionDate "2006.11.23"]
[SourceQuality "1"]

1. e4 c5 2. Nf3 Nc6 3. d4 cxd4 4. Nxd4 g6 5. c4 Nf6 6. Nc3 d6 7. Be2 Nxd4 8. Qxd4 Bg7 9. Be3 0-0 10. Qd2 Be6 11. 0-0 Qa5 12. Rac1 Rfc8 13. b3 a6 14. f4 b5 15. f5 Bd7 16. fxg6 hxg6 17. e5 b4 18. exf6 bxc3 19. Qxc3 Qxc3 20. Rxc3 Bxf6 21. Rcc1 a5 22. Bf3 Bc6 23. Rcd1 a4 24. Bd4 Bxd4+ 25. Rxd4 Rab8 26. Rd3 Be8 27. Re3 Rc7 28. Be4 Kg7 29. Bd5 Ra7 30. Ref3 axb3 31. axb3 e6 32. Be4 f5 33. Bc2 Ra2 34. R3f2 Kf6 35. Rd1 Ke7 36. Rfd2 g5 37. Rf2 Rba8 38. Re1 Kf6 39. Bb1 Rxf2 40. Kxf2 Ra3 41. Bc2 Bc6 42. Re2 Ra1 43. Ke3 e5 44. Kd2 Rg1 45. g3 e4 46. b4 Ke5 47. Kc3 f4 48. gxf4+ gxf4 49. b5 Bb7 1-0

[Event "RUS-ch sf"]
[Site "Novosibirsk"]
[Date "2002.??.??"]
[Round "4"]
[White "Logunov, Maxim"]
[Black "Janov, Dimitry"]
[Result "0-1"]
[WhiteElo "2384"]
[BlackElo "2344"]
[PlyCount "93"]
[EventDate "2002.??.??"]
[EventType "swiss"]
[EventRounds "9"]
[EventCountry "RUS"]
[SourceTitle "EXT 2007"]
[Source "ChessBase"]
[SourceDate "2006.11.23"]
[SourceVersion "1"]
[SourceVersionDate "2006.11.23"]
[SourceQuality "1"]

1. d4 Nf6 2. c4 g6 3. g3 c6 4. Bg2 d5 5. Nf3 Bg7 6. Nbd2 0-0 7. 0-0 Ne4 8. Qb3 Qb6 9. cxd5 Qxb3 10. axb3 Nxd2 11. Bxd2 cxd5 12. Ne5 f6 13. Nd3 e6 14. e3 Nc6 15. b4 Ne7 16. Rfc1 Nf5 17. b5 b6 18. Bb4 Rd8 19. Nf4 Bh6 20. Rc7 a5 21. h3 Bxf4 22. gxf4 Rd7 23. Rc3 Rda7 24. Ba3 Bd7 25. Bf1 Kf7 26. Rac1 Ke8 27. Bd3 Kd8 28. Kf1 Rc8 29. Ke2 Rac7 30. f3 Be8 31. Rxc7 Rxc7 32. Rd1 Kd7 33. Kf2 Nd6 34. Bxd6 Kxd6 35. e4 Ke7 36. h4 dxe4 37. fxe4 e5 38. fxe5 fxe5 39. Ke3 exd4+ 40. Kxd4 Rc5 41. Ra1 Bxb5 42. b4 axb4 43. Ra7+ Kd6 44. Bb1 Rc4+ 45. Ke3 Rc1 46. Ba2 b3 47. Bxb3 0-1